| 000 | 03617nam0a2200361 4500 | ||
|---|---|---|---|
| 001 | RU\NLR\BIBL_A\012841337 | ||
| 005 | 20221019170502.0 | ||
| 010 |
_a978-5-6046346-9-1 _9200 |
||
| 021 |
_aRU _bКН-П-22-025513 _9КН-П-22-2185 |
||
| 035 | _a(NLR Aleph) 012841337 | ||
| 035 | _a(RuMoRGB)011050144 | ||
| 090 |
_a12396782 _c12396782 |
||
| 100 | _a20220706d2022 u y0rusy50 ca | ||
| 101 | 0 | _arus | |
| 102 | _aRU | ||
| 105 | _aach z 000zy | ||
| 181 | 0 |
_ai3 _baxxe |
|
| 182 | 0 | _an | |
| 200 | 1 |
_aЯ помню рейд и помню корабли... _eвоспоминания протодиакона Бориса Пузанова _fподготовка текста, предисловие и комментарии В. Н. Струниной и К. И. Финкельштейна _gредактор-составитель Виктория Струнина _gВсероссийское общество охраны памятников истории и культуры |
|
| 203 |
_aТекст _bвизуальный _cнепосредственный |
||
| 210 |
_aСимферополь _cФирма "Салта" _d2022 |
||
| 215 |
_a223 с. _cил, цв. ил., портр., факс. _d24 |
||
| 320 | _aБиблиогр. в подстроч. примеч. | ||
| 330 | _aВоспоминания протодиакона Бориса Ильича Пузанова публикуются по машинописной рукописи, хранящейся в его фонде в Бахметьевском архиве русской и восточноевропейской истории и культуры Отдела редких книг и рукописей Колумбийского университета (Нью-Йорк, США). Приводятся неизвестные ранее сведения, дополняющие картину патриархальной Евпатории конца XIX -начала XX века, рассказано об учёбе на юридическом факультете Харьковского Императорского университета и работе в Одесском судебном округе. Б.И. Пузанов как судебный следователь по важнейшим делам расследовал события 1918 года, когда местные большевики и высадившийся в Евпатории десант севастопольских матросов и портовых рабочих учинили бессудные кровавые расправы. Во введении даны материалы об увековечении памяти погибших и биографические сведения об авторе воспоминаний, в приложениях-материалы архивов, старинных изданий и редкие фотографии. Издание посвящено 140-летию протодиакона Бориса Пузанова и адресовано изучающим историю России | ||
| 333 | _a18+ | ||
| 606 | 1 |
_aГражданская война и военная интервенция в России _jИсточники и источниковедение _yКрым _z1918 - 1920 _92300038 _3RU\NLR\AUTH\661377083 |
|
| 686 | 1 | _aТ3(2)712.312,01 | |
| 686 | 1 | _aЦ35(2)712(2Р-6Крм) | |
| 700 | 1 |
_aПузанов _bБ. И. _f1882-1972 _gБорис Ильич |
|
| 942 | _cBOOK | ||
| 980 | _aNB | ||